Yang kehilangan /

Bibliographic Details
Main Author: Nor Rafishah Md Hassan
Format: Book
Published: Pulau Pinang: Rhythm Publishing co., 2004.
Subjects:
LEADER 00479cam a2200181 7i4500
001 0000017653
005 20151104090000.0
005 ##20151104121000.0
003 ##MY-KlINT
020 # # |a 9831873599  
039 # 9 |y 201511041210  |z VLOAD 
090 0 0 |a 899.2333   |b NOR 
100 1 # |a Nor Rafishah Md Hassan 
245 1 0 |a Yang kehilangan /   |c by Nor Rafishah Md Hassan. 
260 # # |a Pulau Pinang:   |b Rhythm Publishing co.,   |c 2004. 
300 # # |a 383p.;   |c 19cm. 
650 # 0 |a Malay fiction  
650 # 0 |a Fiction